000 00238 a2200085 4500
020 _a9789881296832
100 _aBeth Ellen Campbell
245 _aOne Works :Architecture, Infrastructure, Urban Engineering /
260 _bDesign media publishing
999 _c13114
_d13114